000 00786nam a22002177a 4500
008 081128t xxu||||| |||| 00| 0 eng d
010 _aENG-93007
020 _c70.00
035 _aEN-76540
037 _bDBAD / PUB
040 _adpl
_bEnglish
082 _a338.5
100 _aKumaran, S.
245 _aEssentials of micro economics /
_cby S. Kumaran
260 _bGenius Publications
_c2007
_aErode
270 _aT/235, Indumathi Complex, Bhavani Main Road, Moolapattarai
_bErode
_e3
300 _a95p.
_c22cm (pbk)
650 _aMicroeconomics.
942 _2ddc
_cEN
_mKUM
_h338.5
999 _c24039
_d24039